Statistics for Mardi Gras Parades

Click here to take the quiz!

General Stats

  • This quiz has been taken 23 times
  • The average score is 16 of 56

Answer Stats

HintParade% Correct
43.Roman god of wineBacchus
58%
6.Famous Egyptian QueenCleopatra
58%
1.Greek god of the seaPoseidon
53%
28.Nine Greek godesses of the artsMuses
53%
38.Shepard and lover of #32 who was cast into an eternal sleepEndymion
53%
7.The First WomanEve
53%
49.Fierce South African tribe and ethnic groupZulu
47%
30.Phrase that means to overthrow the government: "coup ____"d'Etat
47%
29.Messenger of the Greek godsHermes
47%
8.King Arthur's sword given to him by the Lady of the LakeExcalibur
47%
33/48Son of the Muse Calliope and famous Greek poetOriginal Orpheus/Orpheus
42%
45.Greek goddess of wisdomAthena
42%
37.Uptown pub or Priest from Robin Hood: Friar ____Tucks
42%
50.The king of carnivalRex
42%
39.Egyptian goddess of earth and the moon or a famous terrorist groupIsis
42%
18.Rulers of Mt. Olympus before the gods or a Tennessee football teamTitans
37%
36.Greek goddess of rainbows or an Egyptian flowerIris
37%
25.Greek goddess of the nightNyx
37%
26.Capital of Babylonia and home of the Hanging GardensBabylon
37%
16.Roman consul and lover of #6Caesar
32%
14.Greek city-state known for its famous rivalry with AthensSparta
32%
21.Legendary king of CamelotKing Arthur
32%
42.Egyptian god of wisdom with a human body and the head of an ibisThoth
32%
31.God of dreams or The Matrix characterMorpheus
32%
47.Greek old man of the sea and shepherd of the oceanProteus
26%
41.New Orleans neighborhood whose symbol is a heartMid-City
26%
34.Roman soldiersCenturions
26%
4.Slayer of MedusaPerseus
26%
27.Formless first being in Greek Mythology or just plain madnessChaos
26%
23.Greek god of wineDionysus
26%
22.Slang for Algiers, Louisiana or Arabic for GodAlla
26%
19.Fatal womanFemme Fatale
26%
55.3rd U.S. presidentKrewe of Jefferson
26%
12.American Indian TribeChoctaw
26%
46.First woman in Greek mythology who is famous for opening a boxPandora
26%
2.Movie featuring Our GangLittle Rascals
21%
53.Nickname for New OrleansCrescent City
21%
52.Member of the deer family; in Orleans parishElks Orleanians
21%
24.Celtic kingsDruids
21%
35.New Orleans' Most Talked Of ClubNOMTOC
21%
56.Parody of #43 with dogsBarkus
21%
13.New Orleans neighborhood and streetFreret
21%
51.Greek giant with 100 eyesArgus
16%
54.Member of the deer family; in Jefferson ParishElks Jeffersonians
16%
57.Star Wars parody of #43Chewbacchus
16%
44.Famously short French generalNapoleon
16%
20.Uptown New Orleans neighborhood and streetCarrollton
16%
15.Greek who fell in love with a statuePygmalion
16%
40.Greek titan of the oceanOkeanos
11%
5.African goddess of fountains, love, wealth, and religionOshun
11%
11.French Minister of Marine and Louisianian lakePontchartrain
11%
32.Greek goddess of the moonSelene
11%
3.Slidell Women's Civic Club ParadeSlidellians
5%
9.Handsome Greek fought over by Aphrodite and PersephoneAdonis
5%
17.Ancient Greek site where the first Olympic games were heldOlympia
5%
10.Greek goddess of revengeNemesis
5%

Score Distribution

Percentile by Number Answered

Percent of People with Each Score

Your Score History

You have not taken this quiz